[Event "WYCC 2004 - B16"]
[Site "Creta Maris Conference Hotel"]
[Date "2004.11.10"]
[Round "7.9"]
[White "Kononenko, Dmitry"]
[Black "Bogosavljevic, Boban"]
[Result "1-0"]
[WhiteElo "2435"]
[BlackElo "2254"]
[PlyCount "67"]
[EventDate "2004.11.04"]

1. e4 c5 2. Nf3 Nc6 3. d4 cxd4 4. Nxd4 Nf6 5. Nc3 e5 6. Ndb5 d6 7. Bg5 a6 8.
Na3 b5 9. Nd5 Be7 10. Bxf6 Bxf6 11. c3 Ne7 12. Nxf6+ gxf6 13. Bd3 Bb7 14. Qe2
Qb6 15. Nc2 f5 16. exf5 Nd5 17. f3 Nf4 18. Qd2 b4 19. Nxb4 a5 20. Nc2 Rg8 21.
Bf1 Qxb2 22. Kf2 Rc8 23. Rd1 Nd5 24. c4 Qxa2 25. Ra1 Qb2 26. Rxa5 Nc3 27. c5 d5
28. Bd3 f6 29. Rha1 Bc6 30. Ra7 e4 31. Re1 Bb5 32. Bxb5+ Nxb5 33. Rxe4+ Kf8 34.
Qh6+ 1-0

[Event "WYCC 2004 - B16"]
[Site "Creta Maris Conference Hotel"]
[Date "2004.11.10"]
[Round "7.10"]
[White "Khamrakulov, Dzhurabek"]
[Black "Amin, Bassem"]
[Result "1/2-1/2"]
[WhiteElo "2294"]
[BlackElo "2434"]
[PlyCount "93"]
[EventDate "2004.11.04"]

1. e4 e5 2. Nf3 Nc6 3. d4 exd4 4. Nxd4 Nf6 5. Nxc6 bxc6 6. e5 Qe7 7. Qe2 Nd5 8.
c4 Ba6 9. b3 g6 10. g3 Bg7 11. Bb2 O-O-O 12. Bg2 Rhe8 13. O-O Bxe5 14. Qxe5
Qxe5 15. Bxe5 Rxe5 16. cxd5 Bxf1 17. Kxf1 cxd5 18. Nc3 c6 19. Rc1 d4 20. Ne2 d3
21. Nf4 Rde8 22. Nxd3 Re2 23. Re1 Rxe1+ 24. Nxe1 Kc7 25. Bf3 d5 26. Nc2 a5 27.
Be2 Kd6 28. Ke1 c5 29. Kd2 Re7 30. Bf3 c4 31. bxc4 dxc4 32. Ne3 Kc5 33. Kc3 a4
34. Be2 f5 35. Bxc4 f4 36. gxf4 Re4 37. Bg8 Rxf4 38. Bxh7 Rxf2 39. Bxg6 Rxa2
40. Nc2 Kd6 41. Bf7 Rxc2+ 42. Kxc2 Ke7 43. Bc4 Kf6 44. Kb2 a3+ 45. Kxa3 Kg7 46.
h4 Kh8 47. Be2 1/2-1/2

[Event "WYCC 2004 - G16"]
[Site "Creta Maris Conference Hotel"]
[Date "2004.11.10"]
[Round "7.1"]
[White "Khotenashvili, Bela"]
[Black "Gunina, Valentina"]
[Result "1-0"]
[WhiteElo "2248"]
[BlackElo "2354"]
[PlyCount "101"]
[EventDate "2004.11.04"]

1. e4 c5 2. Nc3 e6 3. f4 d5 4. exd5 exd5 5. Bb5+ Bd7 6. Qe2+ Ne7 7. Nxd5 Nbc6
8. Nf3 a6 9. Bxc6 Bxc6 10. Ne3 Ng6 11. Nf5+ Be7 12. Nxg7+ Kf8 13. Nf5 Bd6 14.
d3 Nxf4 15. Qf2 b6 16. N3h4 Ne6 17. Bh6+ Ke8 18. Nxd6+ Qxd6 19. O-O-O Rg8 20.
Rhf1 Ra7 21. Qf5 Qd4 22. g3 Kd8 23. Nf3 Bxf3 24. Rxf3 Rd7 25. Be3 Qg7 26. Rdf1
Kc8 27. Qe4 Kb8 28. Qc6 Rb7 29. Qxb7+ Kxb7 30. Rxf7+ Kc6 31. Rxg7 Rxg7 32. Rf6
Kd7 33. Bh6 Re7 34. c3 Kc7 35. Kd2 Kd7 36. a4 Ke8 37. h4 Kd7 38. h5 Kc6 39. Be3
Kd5 40. g4 Rg7 41. Rf5+ Kd6 42. g5 b5 43. a5 c4 44. d4 Nd8 45. Rf6+ Ne6 46. h6
Re7 47. Ke2 Kd7 48. Kf3 Nc7 49. Bf4 Ne6 50. d5 Nc5 51. Bd6 1-0

[Event "WYCC 2004 - G16"]
[Site "Creta Maris Conference Hotel"]
[Date "2004.11.10"]
[Round "7.2"]
[White "Purtseladze, Maka"]
[Black "Chulivska, Vita"]
[Result "1-0"]
[WhiteElo "2269"]
[BlackElo "2197"]
[PlyCount "107"]
[EventDate "2004.11.04"]

1. d4 Nf6 2. c4 e6 3. Nf3 d5 4. Nc3 c5 5. cxd5 Nxd5 6. e4 Nxc3 7. bxc3 cxd4 8.
cxd4 Nc6 9. Bd3 Bb4+ 10. Bd2 Bxd2+ 11. Qxd2 O-O 12. Qc3 Qd6 13. O-O Rd8 14.
Rad1 Nxd4 15. Nxd4 Qxd4 16. Bc2 Qb6 17. Rxd8+ Qxd8 18. Rd1 Qe7 19. e5 g6 20.
Qd2 Kg7 21. Qd8 Qxd8 22. Rxd8 f6 23. f4 h6 24. exf6+ Kxf6 25. Rg8 Kf7 26. Rxg6
Bd7 27. Rxh6 Rc8 28. Rh7+ Kf6 29. Bb3 Rd8 30. g4 e5 31. Rh6+ Ke7 32. fxe5 Bxg4
33. Rh7+ Ke8 34. Rxb7 Rd2 35. Rg7 Bd1 36. Rxa7 Bxb3 37. axb3 Re2 38. Ra5 Ke7
39. Rc5 Rb2 40. Rb5 Ke6 41. h4 Re2 42. h5 Kf5 43. h6 Kg6 44. Kf1 Re4 45. Rb6+
Kh7 46. Kf2 Rxe5 47. Kf3 Rh5 48. b4 Rh4 49. Ke3 Rg4 50. Kd3 Rh4 51. Kc3 Rh3+
52. Kc4 Rh5 53. Rd6 Rg5 54. b5 1-0

[Event "WYCC 2004 - G16"]
[Site "Creta Maris Conference Hotel"]
[Date "2004.11.10"]
[Round "7.3"]
[White "Majdan, Joanna"]
[Black "Siti, Zulaikha"]
[Result "1-0"]
[WhiteElo "2219"]
[BlackElo "2162"]
[PlyCount "71"]
[EventDate "2004.11.04"]

1. e4 c5 2. Nf3 Nc6 3. d4 cxd4 4. Nxd4 g6 5. c4 Bg7 6. Be3 Nf6 7. Nc3 Ng4 8.
Qxg4 Nxd4 9. Qd1 Ne6 10. Rc1 d6 11. b4 Bd7 12. Be2 Bc6 13. Nd5 O-O 14. O-O Nc7
15. Qd2 Nxd5 16. exd5 Bd7 17. c5 Bf5 18. c6 Qc7 19. b5 b6 20. Rfd1 Rad8 21. f3
Kh8 22. a4 Bc8 23. Bc4 e5 24. a5 bxa5 25. Qf2 e4 26. Bxa7 Bh6 27. b6 Qe7 28.
Rc3 Bf5 29. b7 Rfe8 30. f4 Bg7 31. Ra3 Rb8 32. Bxb8 Rxb8 33. Rxa5 e3 34. Qe2 h5
35. h3 Kh7 36. Ra8 1-0

[Event "WYCC 2004 - G16"]
[Site "Creta Maris Conference Hotel"]
[Date "2004.11.10"]
[Round "7.5"]
[White "Pourkashiyan, Atousa"]
[Black "Choisy, Mathilde"]
[Result "1/2-1/2"]
[WhiteElo "2217"]
[BlackElo "2051"]
[PlyCount "120"]
[EventDate "2004.11.04"]

1. e4 c5 2. Nf3 Nc6 3. d4 cxd4 4. Nxd4 Nf6 5. Nc3 e5 6. Ndb5 d6 7. Bg5 a6 8.
Na3 b5 9. Nd5 Be7 10. Bxf6 Bxf6 11. c3 Bg5 12. Nc2 Rb8 13. a3 Ne7 14. Ncb4 Bb7
15. a4 Nxd5 16. exd5 Qb6 17. axb5 axb5 18. h4 Bh6 19. Bd3 O-O 20. Qc2 g6 21. h5
Bg7 22. hxg6 hxg6 23. Qe2 Qc5 24. O-O f5 25. Ra5 Bxd5 26. Na6 Qa7 27. Rfa1 Ra8
28. Nb4 Qb7 29. Nxd5 Rxa5 30. Rxa5 Qxd5 31. Bxb5 Qb7 32. Bc4+ Kh7 33. Bd5 Qc7
34. Ra6 Qc5 35. Qf3 e4 36. Qh3+ Bh6 37. c4 e3 38. fxe3 Qxe3+ 39. Qxe3 Bxe3+ 40.
Kf1 Bc5 41. Rc6 Rb8 42. Rc7+ Kh6 43. Bb7 Re8 44. Bc6 Rb8 45. Rb7 Rxb7 46. Bxb7
Kg5 47. Ke2 Kf4 48. Kd3 Bb4 49. Kc2 g5 50. Kb3 Bc5 51. Ka4 Ke5 52. Kb5 Kd4 53.
Bd5 f4 54. b4 Ba7 55. Ka6 Bc5 56. Kb5 Ba7 57. Ka6 Bc5 58. bxc5 Kxc5 59. Kb7 g4
60. Kc7 f3 1/2-1/2

[Event "WYCC 2004 - G16"]
[Site "Creta Maris Conference Hotel"]
[Date "2004.11.10"]
[Round "7.6"]
[White "Gomes, Mary Ann"]
[Black "Isgandarova, Khayala"]
[Result "1/2-1/2"]
[WhiteElo "2183"]
[BlackElo "2067"]
[PlyCount "72"]
[EventDate "2004.11.04"]

1. Nf3 Nf6 2. c4 g6 3. Nc3 Bg7 4. e4 d6 5. d4 O-O 6. g3 c5 7. Bg2 Nc6 8. d5 Na5
9. Qe2 a6 10. Bd2 Rb8 11. a4 Nd7 12. Rb1 Nb3 13. Qd1 Qb6 14. Qc2 Nd4 15. Nxd4
cxd4 16. Ne2 Ne5 17. Nc1 Bg4 18. O-O Qc7 19. b3 d3 20. Nxd3 Be2 21. Nxe5 Bxf1
22. Rxf1 Bxe5 23. Be3 b5 24. f4 Bg7 25. axb5 axb5 26. c5 dxc5 27. Qxc5 Rfc8 28.
Qxc7 Rxc7 29. e5 Rc3 30. Ba7 Rd8 31. b4 f6 32. Re1 fxe5 33. fxe5 Rd3 34. Bc5
R3xd5 35. Bxd5+ Rxd5 36. Bxe7 Bxe5 1/2-1/2

[Event "WYCC 2004 - G16"]
[Site "Creta Maris Conference Hotel"]
[Date "2004.11.10"]
[Round "7.7"]
[White "Xu, Tong"]
[Black "Foisor, Sabina-Francesca"]
[Result "0-1"]
[WhiteElo "2177"]
[BlackElo "2228"]
[PlyCount "116"]
[EventDate "2004.11.04"]

1. e4 g6 2. d4 c6 3. Nc3 d5 4. e5 Bg7 5. Be2 Nh6 6. Nf3 Bg4 7. O-O e6 8. Bf4
O-O 9. Qd2 Nf5 10. h3 Bxf3 11. Bxf3 c5 12. dxc5 Nd7 13. Bg4 Nxe5 14. Bxf5 Nc4
15. Qc1 gxf5 16. Rd1 Kh8 17. Bg5 Qc7 18. Bh6 Rg8 19. b3 Ne5 20. Bxg7+ Rxg7 21.
Qe3 Rag8 22. g3 Nd7 23. Ne2 Qxc5 24. Qxc5 Nxc5 25. Rac1 b5 26. c4 dxc4 27. bxc4
b4 28. Kg2 Rc8 29. Kf3 Rgg8 30. Nd4 Rgd8 31. Nb3 Nd3 32. Rc2 Ne5+ 33. Ke2 Rxd1
34. Kxd1 Rxc4 35. Rxc4 Nxc4 36. Kc2 Kg7 37. Kd3 Nd6 38. Na5 Ne4 39. Nc6 Nxf2+
40. Kc4 Ne4 41. Nxa7 Nxg3 42. Nc6 Kf6 43. Nxb4 f4 44. Nd3 f3 45. a4 Ne4 46. a5
Nd6+ 47. Kd4 Kf5 48. a6 e5+ 49. Nxe5 Nb5+ 50. Kd5 Nc7+ 51. Kd4 Nb5+ 52. Kd5
Nc7+ 53. Kd4 Kf4 54. Nd3+ Kg3 55. a7 Nb5+ 56. Ke3 Nxa7 57. h4 Nc6 58. h5 Ne7
0-1

[Event "WYCC 2004 - G16"]
[Site "Creta Maris Conference Hotel"]
[Date "2004.11.10"]
[Round "7.8"]
[White "Franciskovic, Borka"]
[Black "Mikadze, Miranda"]
[Result "0-1"]
[WhiteElo "2145"]
[BlackElo "2172"]
[PlyCount "118"]
[EventDate "2004.11.04"]

1. c4 c5 2. g3 g6 3. Bg2 Bg7 4. Nc3 Nc6 5. d3 e6 6. Nf3 Nge7 7. O-O O-O 8. Bf4
d5 9. Qc1 b6 10. Rb1 Ba6 11. Rd1 d4 12. Ne4 e5 13. Bh6 Qd7 14. Bxg7 Kxg7 15. a3
Bb7 16. b4 f5 17. Ned2 cxb4 18. axb4 Qe6 19. b5 Nd8 20. Qb2 Ng8 21. e3 dxe3 22.
fxe3 Re8 23. c5 bxc5 24. Nc4 Nf6 25. Qxe5 Bd5 26. Qxe6 Nxe6 27. Nfe5 Bxg2 28.
Kxg2 Nd5 29. Re1 Nec7 30. Nd7 Nc3 31. Rb3 N3xb5 32. Nxc5 a6 33. Ra1 Reb8 34.
Kf2 Kf7 35. Ra5 Ke7 36. Rb2 Ra7 37. Rba2 Rba8 38. Ra1 Rd8 39. Ne5 Rd6 40. d4 g5
41. Nc4 Rh6 42. Kg2 Ra8 43. Ne5 Nc3 44. Nf3 Rg6 45. Ne5 Rb6 46. h4 gxh4 47.
gxh4 Rb2+ 48. Kf3 Rg8 49. Ned3 Rh2 50. Nxa6 Rh3+ 51. Kf4 Rxh4+ 52. Kxf5 Rh5+
53. Kf4 Ne6+ 54. Kf3 Rh3+ 55. Kf2 Ne4+ 56. Ke1 Rxe3+ 57. Kf1 Rxd3 58. Nb4 Rf3+
59. Ke1 Nxd4 0-1

[Event "WYCC 2004 - G16"]
[Site "Creta Maris Conference Hotel"]
[Date "2004.11.10"]
[Round "7.9"]
[White "Congiu, Mathilde"]
[Black "Borosova, Zuzana"]
[Result "0-1"]
[WhiteElo "2084"]
[BlackElo "2249"]
[PlyCount "56"]
[EventDate "2004.11.04"]

1. e4 e5 2. Nc3 Nc6 3. Bc4 Nf6 4. d3 Bc5 5. f4 d6 6. Nf3 a6 7. f5 b5 8. Bb3 Na5
9. Qe2 Nxb3 10. axb3 Bb7 11. Be3 Bxe3 12. Qxe3 O-O 13. O-O-O Re8 14. h3 d5 15.
Nb1 Qe7 16. Nfd2 d4 17. Qf2 a5 18. g4 Nd7 19. h4 a4 20. g5 a3 21. bxa3 Rxa3 22.
Nf3 Ra1 23. Kd2 Nc5 24. Ke2 Ra2 25. Rd2 Bxe4 26. dxe4 Nxe4 27. Qe1 Nxd2 28.
Qxd2 d3+ 0-1

[Event "WYCC 2004 - B18"]
[Site "Creta Maris Conference Hotel"]
[Date "2004.11.10"]
[Round "7.3"]
[White "Stellwagen, Daniel"]
[Black "Friedel, Joshua E"]
[Result "1/2-1/2"]
[WhiteElo "2512"]
[BlackElo "2436"]
[PlyCount "65"]
[EventDate "2004.11.04"]

1. e4 e5 2. Nf3 Nc6 3. Bb5 a6 4. Ba4 Nf6 5. O-O b5 6. Bb3 Bc5 7. a4 Rb8 8. c3
d6 9. d4 Bb6 10. a5 Ba7 11. h3 O-O 12. Be3 exd4 13. cxd4 d5 14. e5 Ne4 15. Nc3
Nxc3 16. bxc3 Bf5 17. Qd2 b4 18. cxb4 Nxb4 19. Bg5 Qd7 20. Ba4 Qe6 21. Rac1
Rfc8 22. Be3 h6 23. Rc3 Be4 24. Qe2 Qe7 25. Nd2 Bf5 26. Nb3 c5 27. dxc5 Qxe5
28. Qd2 Qe4 29. c6 Bxe3 30. fxe3 Qe5 31. Qd4 Qxd4 32. Nxd4 Bd3 33. Rf2 1/2-1/2

[Event "WYCC 2004 - B18"]
[Site "Creta Maris Conference Hotel"]
[Date "2004.11.10"]
[Round "7.4"]
[White "Dzagnidze, Nana"]
[Black "Ong, Kezli"]
[Result "1-0"]
[WhiteElo "2484"]
[BlackElo "2325"]
[PlyCount "191"]
[EventDate "2004.11.04"]

1. d4 Nf6 2. Nf3 e6 3. Bg5 h6 4. Bh4 c5 5. e3 b6 6. c4 Bb7 7. Nc3 cxd4 8. exd4
Be7 9. Be2 O-O 10. O-O d5 11. Rc1 Nbd7 12. Bg3 Ne4 13. cxd5 Nxg3 14. hxg3 exd5
15. Qa4 a6 16. Qb3 Nf6 17. Na4 Nd7 18. Ne5 Nxe5 19. dxe5 b5 20. Bf3 Rc8 21. Nc3
Rc5 22. Rcd1 Qb8 23. Bxd5 b4 24. Qxb4 Rxd5 25. Qxe7 Rxe5 26. Qd6 Qe8 27. Qc7
Re7 28. Qb6 Qa8 29. f3 Re6 30. Qf2 Rfe8 31. Rfe1 Qc8 32. Rxe6 Qxe6 33. Qd4 Qg6
34. Kf2 Qc2+ 35. Rd2 Qf5 36. Re2 Rc8 37. Qb6 Qd7 38. Qb4 Ba8 39. Qe7 Qd4+ 40.
Qe3 Qf6 41. Rd2 Rb8 42. b3 Rc8 43. Ne2 Qc6 44. Nd4 Qg6 45. g4 Qf6 46. Nf5 Kh8
47. Qd4 Qxd4+ 48. Nxd4 g6 49. Rc2 Rd8 50. Ke3 Kg7 51. b4 Re8+ 52. Kd2 Rd8 53.
Kd3 Rb8 54. a3 Kf6 55. Rc5 Re8 56. Ra5 Bb7 57. Nb3 Rd8+ 58. Ke3 Re8+ 59. Kf2
Rd8 60. Nc5 Bc8 61. Nxa6 Rd2+ 62. Kf1 Be6 63. Rc5 Ra2 64. Rc3 Ke5 65. Nc5 Bd5
66. Kg1 Kd4 67. Rd3+ Kc4 68. Kh2 g5 69. Kg3 Bc6 70. Rd6 Bb5 71. Rxh6 Rxa3 72.
Ne4 Kxb4 73. Nxg5 Bc4 74. Rb6+ Kc5 75. Rf6 Ra7 76. Ne4+ Kd4 77. Kf4 Bd5 78. Rd6
Kc4 79. g5 Re7 80. g6 fxg6 81. Rxg6 Rf7+ 82. Rf6 Rg7 83. g4 Ba8 84. g5 Kd3 85.
g6 Ke2 86. Ng3+ Kf2 87. Nf5 Ra7 88. Nh4 Bd5 89. Kg5 Bg8 90. f4 Kg3 91. Rd6 Bc4
92. f5 Be2 93. f6 Ra4 94. Nf5+ Kh3 95. f7 Rg4+ 96. Kf6 1-0

[Event "WYCC 2004 - B18"]
[Site "Creta Maris Conference Hotel"]
[Date "2004.11.10"]
[Round "7.6"]
[White "Sulashvili, Malkhaz"]
[Black "Kim, Alexey"]
[Result "0-1"]
[WhiteElo "2326"]
[BlackElo "2443"]
[PlyCount "92"]
[EventDate "2004.11.04"]

1. e4 c5 2. Nf3 e6 3. c4 Nc6 4. d4 cxd4 5. Nxd4 Nf6 6. Nc3 d6 7. Be2 Be7 8. O-O
O-O 9. Be3 Nxd4 10. Qxd4 b6 11. Rfd1 Bb7 12. f3 Bc6 13. Rac1 Qb8 14. b4 Rd8 15.
f4 Nd7 16. Bf3 a6 17. Qd2 Ra7 18. Qc2 Ba8 19. Qb3 Re8 20. Ne2 Nf6 21. Ng3 Rd7
22. Rd2 Bf8 23. Qa4 b5 24. Qxa6 bxc4 25. b5 Rc8 26. b6 d5 27. e5 Ne8 28. Ne2 g6
29. Rb2 Bb7 30. Qb5 Bc6 31. Qa5 Qb7 32. Rcb1 Ra8 33. Qe1 Ra3 34. Nd4 Bc5 35.
Nc2 Bxe3+ 36. Nxe3 c3 37. Rb4 d4 38. Bxc6 Qxc6 39. b7 Rxb7 40. Rxb7 Rxa2 41.
Qf1 dxe3 42. Qf3 Qc5 43. Rb8 e2+ 44. Kh1 c2 45. Rxe8+ Kg7 46. Rc1 Ra1 0-1

[Event "WYCC 2004 - B18"]
[Site "Creta Maris Conference Hotel"]
[Date "2004.11.10"]
[Round "7.7"]
[White "Jones, Gawain C"]
[Black "Shytaj, Luca"]
[Result "1-0"]
[WhiteElo "2447"]
[BlackElo "2356"]
[PlyCount "161"]
[EventDate "2004.11.04"]

1. e4 c5 2. Nf3 d6 3. Nc3 a6 4. e5 dxe5 5. Nxe5 Nf6 6. g3 Nbd7 7. Nc4 b5 8. Bg2
Ra7 9. Ne3 e6 10. O-O Be7 11. b3 O-O 12. a4 b4 13. Ne2 Bb7 14. Bxb7 Rxb7 15.
Nf4 Ne8 16. Bb2 Bf6 17. Bxf6 Ndxf6 18. Qf3 Rc7 19. Qe2 Ra7 20. Nd3 Qc7 21. Nc4
Nd6 22. Nde5 Nxc4 23. Nxc4 Raa8 24. a5 Nd7 25. Rfd1 Rad8 26. d4 cxd4 27. Rxd4
Nb8 28. Qe3 Rxd4 29. Qxd4 Rd8 30. Qb6 Qxb6 31. axb6 Rd5 32. Ne3 Rd6 33. Nc4 Rd5
34. Nb2 Kf8 35. Ra4 Rb5 36. Nd3 a5 37. Nb2 Nc6 38. Nc4 Ke7 39. b7 Rxb7 40. Nxa5
Nxa5 41. Rxa5 Rc7 42. Ra2 Kd6 43. Kf1 Kc5 44. Ke2 Rd7 45. Ra8 f6 46. Rc8+ Kb5
47. f4 e5 48. fxe5 Re7 49. Kd3 Rxe5 50. Rc7 Rd5+ 51. Ke3 Rg5 52. Kd4 Kb6 53.
Re7 h5 54. Kc4 Rg4+ 55. Kd5 Rg5+ 56. Kc4 Rg4+ 57. Kd5 Rg5+ 58. Kd6 Rg4 59. Re2
h4 60. gxh4 Rxh4 61. Kd5 Kb5 62. Rg2 Rh5+ 63. Kd6 Rh7 64. Ke6 Kc5 65. Kf7 Kd4
66. Kg6 Rh3 67. Rd2+ Kc3 68. Rf2 Kd4 69. Kxg7 f5 70. Kf6 Ke3 71. Rxf5 Rh6+ 72.
Ke7 Rxh2 73. Rc5 Kd2 74. Kd6 Rh6+ 75. Kd5 Rb6 76. Rc4 Rb8 77. Kc5 Kc1 78. Rxb4
Rc8+ 79. Kd4 Rd8+ 80. Kc3 Rf8 81. Rc4 1-0

[Event "WYCC 2004 - B18"]
[Site "Creta Maris Conference Hotel"]
[Date "2004.11.10"]
[Round "7.8"]
[White "Barnaure, Vlad-Victor"]
[Black "Gordon, Stephen J"]
[Result "1-0"]
[WhiteElo "2439"]
[BlackElo "2340"]
[PlyCount "147"]
[EventDate "2004.11.04"]

1. d4 d5 2. c4 c6 3. Nc3 Nf6 4. e3 a6 5. Qc2 Bg4 6. b3 Nbd7 7. Bb2 e6 8. Bd3 e5
9. f3 Be6 10. Nge2 Bd6 11. c5 Bc7 12. b4 Nh5 13. O-O exd4 14. Nxd4 a5 15. a3
axb4 16. axb4 Rxa1 17. Bxa1 Qh4 18. f4 Nxf4 19. Nf3 Nh3+ 20. gxh3 Qxb4 21. Rb1
Qxc5 22. Nd1 Qxc2 23. Bxc2 b6 24. Nd4 c5 25. Nf5 Bxf5 26. Bxf5 Ke7 27. Nc3 Nf6
28. Nb5 Bb8 29. Bb2 Rd8 30. Ra1 g6 31. Bc2 Nd7 32. Ra6 Be5 33. Bc3 Bxc3 34.
Nxc3 d4 35. Nd5+ Ke6 36. Bb3 Ke5 37. exd4+ cxd4 38. Nxb6 Nxb6 39. Rxb6 Rd7 40.
Kf2 d3 41. Ke3 d2 42. Bd1 h5 43. h4 Rd4 44. Rb5+ Rd5 45. Rb7 Rd4 46. Rxf7 Rxh4
47. Rf2 Rd4 48. Rg2 Rd6 49. h4 Kf6 50. Rg1 Re6+ 51. Kxd2 Re4 52. Rf1+ Ke5 53.
Rh1 Kf4 54. Bc2 Re5 55. Bxg6 Kg3 56. Bd3 Kg4 57. Kc3 Ra5 58. Kd4 Ra4+ 59. Ke3
Kg3 60. Be4 Ra3+ 61. Kd4 Ra5 62. Bc6 Ra2 63. Ke5 Ra5+ 64. Bd5 Ra4 65. Be4 Ra5+
66. Kf6 Kg4 67. Bd3 Ra3 68. Bf5+ Kf4 69. Rb1 Ra6+ 70. Be6 Ra4 71. Rb3 Rd4 72.
Rb5 Kg3 73. Kg5 Re4 74. Rb3+ 1-0

[Event "WYCC 2004 - B18"]
[Site "Creta Maris Conference Hotel"]
[Date "2004.11.10"]
[Round "7.9"]
[White "Asis Garagatagli, Hipolit"]
[Black "Iskakov, A."]
[Result "1/2-1/2"]
[WhiteElo "2340"]
[BlackElo "2431"]
[PlyCount "100"]
[EventDate "2004.11.04"]

1. e4 e5 2. f4 exf4 3. Nf3 d5 4. exd5 Nf6 5. Bb5+ c6 6. dxc6 Nxc6 7. Ne5 Ne4 8.
Qf3 Qd5 9. Nxc6 bxc6 10. Nc3 Qe6 11. Nxe4 cxb5 12. O-O Bb7 13. Nf6+ Qxf6 14.
Re1+ Kd8 15. Qxb7 Qb6+ 16. Qxb6+ axb6 17. d4 Bd6 18. Rf1 g5 19. g3 Rg8 20. Kg2
h5 21. Bd2 Kd7 22. a3 Rac8 23. c3 Ra8 24. Rae1 f5 25. gxf4 gxf4+ 26. Kh1 Rg4
27. Rf3 Re8 28. Rxe8 Kxe8 29. Rh3 Kf7 30. Rxh5 Ke6 31. Rh6+ Kd5 32. h3 Rg8 33.
Rf6 f3 34. Be1 f4 35. Rf5+ Ke4 36. Rf6 Bb8 37. Re6+ Kd3 38. h4 Rg2 39. h5 Rg5
40. h6 Bc7 41. Re8 Bd6 42. h7 Rh5+ 43. Kg1 Rxh7 44. Kf2 Rh3 45. Kf1 Rh7 46. Kf2
Rh2+ 47. Kxf3 Rxb2 48. Re6 Bxa3 49. Rxb6 b4 50. cxb4 Kxd4 1/2-1/2

[Event "WYCC 2004 - B18"]
[Site "Creta Maris Conference Hotel"]
[Date "2004.11.10"]
[Round "7.14"]
[White "Garcia, Eduardo"]
[Black "Yudin, Sergei"]
[Result "0-1"]
[WhiteElo "2298"]
[BlackElo "2419"]
[PlyCount "40"]
[EventDate "2004.11.04"]

1. d4 d5 2. c4 e6 3. Nc3 c6 4. Nf3 dxc4 5. a4 Bb4 6. e4 Nf6 7. Bg5 Bxc3+ 8.
bxc3 Qa5 9. e5 Ne4 10. Bd2 Qd5 11. a5 Nd7 12. Be2 O-O 13. O-O c5 14. Qc2 Nxd2
15. Qxd2 cxd4 16. cxd4 Rb8 17. Qc2 b5 18. Qc3 Bb7 19. Nh4 Qe4 20. a6 Bc6 0-1

[Event "WYCC 2004 - G18"]
[Site "Creta Maris Conference Hotel"]
[Date "2004.11.10"]
[Round "7.1"]
[White "Pham, Le Thao Nguyen"]
[Black "Melia, Salome"]
[Result "0-1"]
[WhiteElo "2244"]
[BlackElo "2326"]
[PlyCount "104"]
[EventDate "2004.11.04"]

1. e4 c6 2. c4 d5 3. exd5 cxd5 4. cxd5 Nf6 5. Bb5+ Nbd7 6. Nc3 a6 7. Be2 b5 8.
a3 Bb7 9. Nf3 Nxd5 10. d4 e6 11. O-O Be7 12. Re1 O-O 13. Bd3 Nxc3 14. bxc3 Rc8
15. Bd2 Nb6 16. Ne5 Nd5 17. Qh5 g6 18. Qh3 Bg5 19. Be3 Rxc3 20. Qg4 Nxe3 21.
fxe3 Bf6 22. Bf1 Bxe5 23. dxe5 Qd5 24. Qg3 Rc5 25. Rad1 Qxe5 26. Qxe5 Rxe5 27.
Rd7 Bd5 28. Bd3 Be4 29. Be2 Rc5 30. Red1 Rc3 31. R1d4 Bc2 32. Ra7 Rxa3 33. Bxb5
a5 34. Kf2 Rb8 35. Bc4 Ra4 36. Bxe6 fxe6 37. Rdd7 g5 38. Rg7+ Kh8 39. Rxg5 Bf5
40. Kf3 Rf8 41. Ke2 Ra2+ 42. Kf3 Bd3+ 43. Kg3 Rg8 44. Rxg8+ Kxg8 45. h4 a4 46.
Kf4 a3 47. g4 Bc4 48. Ke5 Ra1 49. Rc7 Bd5 50. e4 a2 51. Rc8+ Kg7 52. Rc7+ Kg6
0-1

[Event "WYCC 2004 - G18"]
[Site "Creta Maris Conference Hotel"]
[Date "2004.11.10"]
[Round "7.3"]
[White "Papadopoulou, Vera"]
[Black "Zawadzka, Jolanta"]
[Result "1/2-1/2"]
[WhiteElo "2227"]
[BlackElo "2329"]
[PlyCount "96"]
[EventDate "2004.11.04"]

1. d4 Nf6 2. c4 g6 3. Nc3 Bg7 4. e4 d6 5. Bg5 O-O 6. Qd2 c5 7. d5 Qa5 8. f3 a6
9. a4 e6 10. Ra3 exd5 11. cxd5 Re8 12. Be2 Nbd7 13. Nh3 Ne5 14. Nf2 Qb4 15. O-O
Bd7 16. Rfa1 Nc4 17. Bxc4 Qxc4 18. Qf4 Qd4 19. Qxd6 Rad8 20. Rd1 Qe5 21. Qxe5
Rxe5 22. f4 Rxg5 23. fxg5 Ne8 24. Rb3 b5 25. axb5 axb5 26. Nxb5 c4 27. Rb4 Rb8
28. Rxc4 Rxb5 29. b4 Rb8 30. Rdc1 Nd6 31. Rc7 Bb5 32. Rd1 Ba4 33. Re1 Rxb4 34.
Ng4 Bd4+ 35. Kh1 Bb6 36. Nf6+ Kg7 37. Rcc1 Nc4 38. e5 Bd4 39. Re4 Nxe5 40. h3
h6 41. h4 hxg5 42. hxg5 Nd7 43. Ne8+ Kg8 44. Rc8 Nf8 45. Nf6+ Kg7 46. Ne8+ Kg8
47. Nf6+ Kg7 48. Ne8+ Kg8 1/2-1/2

[Event "WYCC 2004 - G18"]
[Site "Creta Maris Conference Hotel"]
[Date "2004.11.10"]
[Round "7.4"]
[White "Andriasian, Siranush"]
[Black "Guseva, Marina"]
[Result "1/2-1/2"]
[WhiteElo "2206"]
[BlackElo "2289"]
[PlyCount "110"]
[EventDate "2004.11.04"]

1. e4 c5 2. Nf3 Nc6 3. d4 cxd4 4. Nxd4 Nf6 5. Nc3 e5 6. Ndb5 d6 7. Bg5 a6 8.
Na3 b5 9. Bxf6 gxf6 10. Nd5 Bg7 11. g3 f5 12. Bg2 fxe4 13. Bxe4 Be6 14. Qh5 Rc8
15. O-O h6 16. Rad1 O-O 17. c3 f5 18. Bg2 Ne7 19. Nc2 e4 20. Nce3 Nxd5 21. Nxd5
Rc5 22. Nf4 Bxa2 23. Qg6 Rf6 24. Qh5 Bb3 25. Rd2 a5 26. Re1 b4 27. cxb4 axb4
28. Qe2 Qc7 29. Nh5 Re6 30. Qe3 Bc2 31. Nf4 Re8 32. Nd5 Qb7 33. Nf4 Qc6 34. Nh5
Rd5 35. Bf1 Rxd2 36. Qxd2 Qc5 37. b3 e3 38. fxe3 Bxb3 39. Nxg7 Kxg7 40. Qb2+
Qc3 41. Qf2 Bc2 42. Bb5 Re5 43. Bd7 b3 44. Ba4 Qc4 45. Bxb3 Qxb3 46. Rc1 Bd1
47. Qd2 Rd5 48. Qf2 Bc2 49. Rxc2 Rd1+ 50. Kg2 Qd5+ 51. Kh3 Qe4 52. Rc7+ Kg6 53.
Qf4 Rd2 54. Qxe4 fxe4 55. Kg4 Rxh2 1/2-1/2

[Event "WYCC 2004 - G18"]
[Site "Creta Maris Conference Hotel"]
[Date "2004.11.10"]
[Round "7.5"]
[White "Szczepkowska, Karina"]
[Black "Kursova, Maria"]
[Result "1/2-1/2"]
[WhiteElo "2209"]
[BlackElo "2315"]
[PlyCount "109"]
[EventDate "2004.11.04"]

1. e4 c5 2. d3 Nc6 3. f4 g6 4. Nf3 Bg7 5. g3 d6 6. Bg2 Nf6 7. O-O O-O 8. h3 b5
9. Nbd2 a5 10. Re1 Rb8 11. Nf1 b4 12. Rb1 a4 13. Kh2 Qa5 14. Ne3 Nd7 15. Nd2
Nd4 16. Ndc4 Qa7 17. Bd2 Nb5 18. Nd5 Re8 19. e5 dxe5 20. fxe5 e6 21. Nd6 Nxd6
22. exd6 Bb7 23. Ne7+ Kh8 24. Qe2 Bxg2 25. Qxg2 Rb6 26. Bf4 Qa8 27. Qf2 Rf8 28.
Re4 Ra6 29. Rc4 e5 30. Be3 Rxd6 31. Bxc5 Rf6 32. Qg2 Nxc5 33. Qxa8 Rxa8 34.
Rxc5 Rf2+ 35. Kg1 Re2 36. Kf1 Rh2 37. Kg1 Rxh3 38. Kg2 Rh5 39. Rf1 f5 40. Rb5
a3 41. bxa3 bxa3 42. Rfb1 Bf8 43. Nd5 Rg5 44. Nf6 Be7 45. Nd5 Bf8 46. Rb7 f4
47. Nf6 Rxg3+ 48. Kh2 Bg7 49. Rb8+ Rxb8 50. Rxb8+ Bf8 51. Ne4 Re3 52. Rxf8+ Kg7
53. Rc8 h5 54. Ng5 h4 55. Ne4 1/2-1/2

[Event "WYCC 2004 - G18"]
[Site "Creta Maris Conference Hotel"]
[Date "2004.11.10"]
[Round "7.6"]
[White "Kadziolka, Beata"]
[Black "Toth, Lili"]
[Result "1-0"]
[WhiteElo "2301"]
[BlackElo "2157"]
[PlyCount "95"]
[EventDate "2004.11.04"]

1. e4 e6 2. d4 d5 3. Nc3 Bb4 4. e5 c5 5. a3 Bxc3+ 6. bxc3 Ne7 7. Qg4 Qc7 8. Bd3
cxd4 9. Ne2 dxc3 10. Qxg7 Rg8 11. Qxh7 Qxe5 12. Bf4 Qf6 13. h4 Nd7 14. Bg5 Qh8
15. Qxh8 Rxh8 16. Nxc3 a6 17. O-O-O f6 18. Bd2 Nc5 19. h5 Nxd3+ 20. cxd3 Bd7
21. f4 Rc8 22. Kb2 f5 23. Ne2 Ng8 24. Bc3 Rh7 25. Nd4 Nh6 26. Rde1 Kf7 27. Nf3
Kg8 28. Ng5 Re7 29. Re3 Rc6 30. Rg3 Ng4 31. h6 Rh7 32. Nxh7 Kxh7 33. Rh5 Be8
34. Rg5 Bg6 35. Bg7 Rc8 36. Rf3 Re8 37. Rf1 Rc8 38. Rc1 Rxc1 39. Kxc1 Be8 40.
Bf8 Bg6 41. Kd2 Nxh6 42. Bxh6 Kxh6 43. Kc3 Kg7 44. Kd4 Kf6 45. Rg3 Be8 46. Rh3
b6 47. Rh7 Bf7 48. Rh8 1-0

[Event "WYCC 2004 - G18"]
[Site "Creta Maris Conference Hotel"]
[Date "2004.11.10"]
[Round "7.8"]
[White "Gilbert, Jessie"]
[Black "Paridar, Shadi"]
[Result "1-0"]
[WhiteElo "2138"]
[BlackElo "2242"]
[PlyCount "79"]
[EventDate "2004.11.04"]

1. d4 d5 2. c4 e6 3. Nc3 c6 4. Nf3 Nf6 5. cxd5 exd5 6. Qc2 Na6 7. a3 Nc7 8. Bg5
g6 9. e3 Bf5 10. Bd3 Bxd3 11. Qxd3 Be7 12. h3 O-O 13. O-O Re8 14. Bxf6 Bxf6 15.
b4 Qd7 16. Rab1 g5 17. b5 g4 18. hxg4 Qxg4 19. bxc6 bxc6 20. Nh2 Qg7 21. Ne2
Kh8 22. Rfc1 Rg8 23. g3 Ne6 24. Rxc6 Qh6 25. Qf5 Rg6 26. Kg2 Rag8 27. Rh1 Rg5
28. Qh3 Qg6 29. Nf3 Rg4 30. Qh5 Qg7 31. Qh6 Rb8 32. Qxg7+ Rxg7 33. Nc3 Rb3 34.
Nxd5 Bd8 35. Rc3 Rb5 36. Nb4 a5 37. Nc6 Bc7 38. Rhc1 Rb2 39. R1c2 Rb1 40. d5
1-0